Parliamentary democracy in India / (Record no. 69295)
[ view plain ]
| 000 -LEADER | |
|---|---|
| fixed length control field | 00807nam a22002297a 4500 |
| 005 - DATE AND TIME OF LATEST TRANSACTION | |
| control field | 20140813155541.0 |
| 008 - FIXED-LENGTH DATA ELEMENTS--GENERAL INFORMATION | |
| fixed length control field | 120824t xxu||||| |||| 00| 0 eng d |
| 010 ## - LCCN (DPL NO) | |
| LC control number | B-498012-014 ENG-105628 |
| 020 ## - INTERNATIONAL STANDARD BOOK NUMBER | |
| Terms of availability | 750.00 |
| International Standard Book Number | 9788184301267 |
| 035 ## - SYSTEM CONTROL NUMBER | |
| System control number | EN-89161 |
| 035 ## - SYSTEM CONTROL NUMBER | |
| System control number | B-498012-014 |
| 037 ## - SOURCE OF ACQUISITION | |
| Source of stock number/acquisition | DBAD/PUB |
| 040 ## - CATALOGING SOURCE | |
| Original cataloging agency | DPL |
| Language of cataloging | Eng |
| 082 ## - DEWEY DECIMAL CLASSIFICATION NUMBER | |
| Classification number | 328.54 |
| 100 ## - MAIN ENTRY--PERSONAL NAME | |
| 9 (RLIN) | 51282 |
| Personal name | Singhvi, L.M. |
| 245 ## - TITLE STATEMENT | |
| Title | Parliamentary democracy in India / |
| Statement of responsibility, etc | by L.M. Singhvi |
| 260 ## - PUBLICATION, DISTRIBUTION, ETC. (IMPRINT) | |
| Place of publication, distribution, etc | New Delhi |
| Name of publisher, distributor, etc | Ocean Books |
| Date of publication, distribution, etc | 2012 |
| 270 ## - ADDRESS | |
| Address | 4/19 Asaf Ali Road |
| City | New Delhi |
| Postal code | 110002 |
| 300 ## - PHYSICAL DESCRIPTION | |
| Extent | 292p. |
| Dimensions | 24cm(Hb) |
| 942 ## - ADDED ENTRY ELEMENTS (KOHA) | |
| Source of classification or shelving scheme | Dewey Decimal Classification |
| Item type | English Books |
| Call number suffix | SIN |
| Classification part | 328.54 |
| Withdrawn status | Lost status | Source of classification or shelving scheme | Damaged status | Not for loan | Collection code | Home library | Current library | Date acquired | Source of acquisition | Cost, normal purchase price | Total Checkouts | Full call number | Barcode | Date last seen | Copy number | Cost, replacement price | Koha item type | Total Renewals |
|---|---|---|---|---|---|---|---|---|---|---|---|---|---|---|---|---|---|---|
| Dewey Decimal Classification | Non-fiction | Central Library | Central Library | 10/05/2013 | Ocean Books/Bill No.19333/11.3.13/175/8.3.13/15.3.13 | 750.00 | 3 | 342.5403SIN | B-498012 | 07/07/2019 | 1 | 750.00 | English Books | |||||
| Dewey Decimal Classification | Not For Loan | Non-fiction | D.B.Act.Division | D.B.Act.Division | 24/08/2012 | DBAD/PUB | 750.00 | 328.54 SIN | EN-89161 | 24/08/2012 | 1 | 750.00 | English Books | |||||
| Dewey Decimal Classification | Non-fiction | Sarojini Nagar | Sarojini Nagar | 10/05/2013 | Ocean Books/Bill No.19333/11.3.13/175/8.3.13/15.3.13 | 750.00 | 2 | 342.5403SIN | B-498013 | 29/08/2022 | 1 | 750.00 | English Books | 2 | ||||
| Dewey Decimal Classification | Non-fiction | Shahdara Branch | Shahdara Branch | 10/05/2013 | Ocean Books/Bill No.19333/11.3.13/175/8.3.13/15.3.13 | 750.00 | 342.5403SIN | B-498014 | 10/05/2013 | 1 | 750.00 | English Books |
